[Event "Jaffna op"]
[Site "Jaffna"]
[Date "2023.12.12"]
[Round "10"]
[White "Kaashif, MMM"]
[Black "Sivathanujan, S."]
[Result "0-1"]
[WhiteElo "1376"]
[BlackElo "1813"]
[PlyCount "70"]
[EventDate "2023.12.08"]
[EventType "swiss"]
[EventRounds "10"]
[EventCountry "SRI"]
[SourceTitle "CB51_2023"]
[SourceDate "2023.12.20"]
[SourceVersion "1"]
[SourceVersionDate "2023.12.20"]
[SourceQuality "1"]

1. d4 d5 2. Nf3 Nf6 3. g3 h5 4. h4 c5 5. c3 Nc6 6. Bg2 Bf5 7. Nbd2 e6 8. Nb3 b6 9. Bg5 a5 10. a4 Be7 11. Bxf6 Bxf6 12. Qd2 Qe7 13. Ng5 cxd4 14. Nxd4 Nxd4 15. cxd4 Rc8 16. Rc1 Rxc1+ 17. Qxc1 Qb4+ 18. Qd2 Bxd4 19. Qxb4 axb4 20. e4 dxe4 21. Nxe4 Ke7 22. Ke2 Bxb2 23. Rb1 Ba3 24. Rb3 Rc8 25. Kd2 e5 26. f3 Be6 27. Rb1 b3 28. Bf1 b2 29. Bd3 Ba2 30. Rd1 f5 31. Nf2 Rc1 32. Bxf5 Bb3 33. Rh1 Bb4+ 34. Ke3 Bc5+ 35. Kd2 Bxf2 0-1